01361cam a22003857a 4500003000500000005001700005008004100022010001000063011001000073035001000083040000900093082002200102100004200124245004000166250001000206260004300216300001000259490003800269590004100307590004100348590004100389590004100430590004200471650003400513650004000547650004100587700002800628700003300656830004500689901000700734942001000741949006500751999001700816952014200833CHAP20230208175654.0971013s1973 r 00010 d a17309 a18281 a22366 cCHAP a658.4032bJ6 197310aJohnson, Richard Arnoldd1937-96186514aThe theory and management of system a3 ed. aTokyo :bMacGraw-Hill Kogakusha,c1973 a539 p 0aMacGraw-Hill series in management aBATCH-UPDb10c20130110lUCH01h0142 aBATCH-UPDb10c20130110lUCH01h1738 aBATCH-UPDb10c20130410lUCH01h1118 aBATCH-UPDb10c20130914lUCH01h0350 aCONVERSIONb10c20130109lUCH01h131114aAnálisis de sistemas.9597614aIndustriaxAdministración.95768314aOperacionesxInvestigación.9833610 aKast, Fremont E.9627820 aRosenzweig, James E.91001450 aMacGraw-Hill series in management969382 aBK cLIBRO a658.4032 J6 1973bBCcLIBROd33724000118329eLIBROi22366si c17309d17309 00102ddc4052708GRALaBCbBCcPP_GRALd2012-12-17fLIBROl0o658.4032 J6 1973p33724000118329r2019-12-31 00:00:00w2019-12-31yLIBRO